[Event "BPB Limburg-open C"]
[Site "Maastricht"]
[Date "2015.05.23"]
[Round "2"]
[White "Van Ginneken, Maikel"]
[Black "Boesmans, Peter"]
[Result "1-0"]
[WhiteElo "1499"]
[BlackElo "1286"]
[PlyCount "69"]
[EventDate "2015.05.22"]
[EventType "swiss"]
[EventRounds "7"]
[EventCountry "NED"]
[Source "P.Boonen"]
[SourceDate "2015.01.01"]

1. d4 d6 2. Nf3 Nd7 3. e4 Ngf6 4. Nbd2 c6 5. c4 e5 6. d5 Nc5 7. Qc2 Be7 8. b4
Ncd7 9. Be2 O-O 10. O-O c5 11. a3 h6 12. Bb2 b6 13. Ne1 Re8 14. Nd3 Qc7 15. f4
Bf8 16. fxe5 dxe5 17. Nf2 Bd6 18. b5 Nf8 19. Qd1 Qd7 20. h3 Ng6 21. Ng4 Qd8 22.
Nxf6+ gxf6 23. Bg4 Bxg4 24. Qxg4 Kh7 25. Qf5 Be7 26. Bxe5 Kg7 27. Bc3 Rf8 28.
Nf3 Rc8 29. Rad1 Qd6 30. e5 fxe5 31. Nxe5 Bf6 32. Nxg6 Bxc3 33. Nxf8 Rxf8 34.
Qf4 Bd4+ 35. Rxd4 1-0

[Event "BPB Limburg-open C"]
[Site "Maastricht"]
[Date "2015.05.23"]
[Round "2"]
[White "Van Rossum, Pia"]
[Black "Boons, Lucien"]
[Result "1/2-1/2"]
[WhiteElo "1568"]
[BlackElo "1630"]
[PlyCount "56"]
[EventDate "2015.05.22"]
[EventType "swiss"]
[EventRounds "7"]
[EventCountry "NED"]
[Source "P.Boonen"]
[SourceDate "2015.01.01"]

1. d4 d5 2. g3 Nf6 3. Bg2 c6 4. Nf3 Nbd7 5. O-O Ne4 6. c4 e6 7. Nbd2 Ndf6 8.
Qc2 Be7 9. b3 O-O 10. e3 b5 11. Nxe4 Nxe4 12. Nd2 Nxd2 13. Bxd2 Bd7 14. e4 Rc8
15. a4 bxc4 16. bxc4 dxc4 17. Qxc4 c5 18. d5 Bf6 19. Rab1 exd5 20. exd5 Bd4 21.
Rb7 Rc7 22. Rbb1 Qc8 23. d6 Bc6 24. Bd5 Bxd5 25. Qxd5 Rd7 26. Ba5 Qa6 27. Bc7
Qc8 28. Rb7 Qe8 {.....} 1/2-1/2

[Event "BPB Limburg-open C"]
[Site "Maastricht"]
[Date "2015.05.23"]
[Round "2"]
[White "Vos, Wolfgang"]
[Black "Beukema, Constantijn"]
[Result "1-0"]
[WhiteElo "1578"]
[BlackElo "1553"]
[PlyCount "67"]
[EventDate "2015.05.22"]
[EventType "swiss"]
[EventRounds "7"]
[EventCountry "NED"]
[Source "P.Boonen"]
[SourceDate "2015.01.01"]

1. d4 d5 2. Nf3 Nf6 3. e3 Nc6 4. c3 Bg4 5. Nbd2 e6 6. Bd3 Bd6 7. O-O e5 8. dxe5
Nxe5 9. Qa4+ c6 10. Nxe5 Bxe5 11. e4 O-O 12. h3 dxe4 13. Bxe4 b5 14. Qc2 Be6
15. Bxc6 Rc8 16. Bxb5 Rc5 17. a4 Qc8 18. f4 Bd4+ 19. Kh2 Bf5 20. Bd3 Be6 21.
Nf3 Rd8 22. Nxd4 Rxd4 23. Be3 Rxd3 24. Qxd3 Bc4 25. Qd4 Rd5 26. Qxa7 Bxf1 27.
Rxf1 Qe8 28. Bd4 Qe2 29. Qa8+ Ne8 30. Qxd5 Qxf1 31. Qe5 Kf8 32. Bc5+ Nd6 33.
Qxd6+ Ke8 34. Qe7# 1-0

[Event "BPB Limburg-open C"]
[Site "Maastricht"]
[Date "2015.05.23"]
[Round "2"]
[White "Vossen, Patrick"]
[Black "Steinhart, Roel"]
[Result "1-0"]
[WhiteElo "1453"]
[BlackElo "1564"]
[PlyCount "65"]
[EventDate "2015.05.22"]
[EventType "swiss"]
[EventRounds "7"]
[EventCountry "NED"]
[Source "P.Boonen"]
[SourceDate "2015.01.01"]

1. d4 d5 2. e3 Bf5 3. Nf3 e6 4. Bd3 Bg4 5. Nbd2 Bb4 6. c3 Bd6 7. O-O Nd7 8. Re1
Qf6 9. e4 dxe4 10. Nxe4 Qe7 11. h3 Bh5 12. Qe2 Ngf6 13. Bg5 h6 14. Nxf6+ gxf6
15. Bh4 Rg8 16. Qe3 O-O-O 17. Ne5 Nb6 18. Qxh6 Bg6 19. Bxg6 Bxe5 20. dxe5 Rxg6
21. Qe3 Rdg8 22. g3 Qf8 23. Bxf6 Kb8 24. Qf3 Nd5 25. Bh4 Rh8 26. Re4 Rh7 27.
Rd1 f5 28. exf6 Nxf6 29. Rf4 Rf7 30. Bxf6 Rgxf6 31. Rxf6 Rxf6 32. Qd3 Kc8 33.
Qd7+ 1-0

[Event "BPB Limburg-open C"]
[Site "Maastricht"]
[Date "2015.05.23"]
[Round "2"]
[White "Weerts, Rene"]
[Black "Proesmans, Karel"]
[Result "0-1"]
[WhiteElo "1603"]
[BlackElo "1625"]
[PlyCount "58"]
[EventDate "2015.05.22"]
[EventType "swiss"]
[EventRounds "7"]
[EventCountry "NED"]
[Source "P.Boonen"]
[SourceDate "2015.01.01"]

1. d4 Nc6 2. Nf3 e5 3. c3 e4 4. d5 exf3 5. dxc6 fxg2 6. cxd7+ Bxd7 7. Bxg2 c6
8. Qb3 Qc7 9. Nd2 Bd6 10. Nf3 Nf6 11. Bg5 Be6 12. Qc2 Nd7 13. Bh4 Bf4 14. Bg3
Nf6 15. Nd4 Bd5 16. Bxd5 Nxd5 17. c4 Qa5+ 18. Kf1 Bxg3 19. hxg3 Nf6 20. Nf5 O-O
21. g4 g6 22. g5 Ng4 23. c5 Qc7 24. Nd6 Qe7 25. Qe4 Qxg5 26. Qg2 Qf4 27. Rh3
Qb4 28. Ne4 Qxb2 29. Re1 Nf6 {.....} 0-1

[Event "BPB Limburg-open C"]
[Site "Maastricht"]
[Date "2015.05.23"]
[Round "2"]
[White "Weidema, Luuk"]
[Black "Mang, Dalya"]
[Result "1-0"]
[WhiteElo "1189"]
[BlackElo "900"]
[PlyCount "71"]
[EventDate "2015.05.22"]
[EventType "swiss"]
[EventRounds "7"]
[EventCountry "NED"]
[Source "P.Boonen"]
[SourceDate "2015.01.01"]

1. f4 d5 2. b3 c5 3. Bb2 Nc6 4. Nf3 Bf5 5. e3 e6 6. Bb5 Bd6 7. Bxg7 Qa5 8.
Bxc6+ bxc6 9. Bxh8 Qa6 10. Be5 Bxe5 11. Nxe5 f6 12. Qh5+ Bg6 13. Nxg6 hxg6 14.
Qxg6+ Kd7 15. f5 exf5 16. Qxf5+ Kd8 17. Qh7 Kc8 18. Qxg8+ Kb7 19. Qf7+ Kc8 20.
Qxf6 Rb8 21. Nc3 c4 22. Nxd5 Kb7 23. Qe7+ Ka8 24. Nc7+ Kb7 25. Nxa6+ Kxa6 26.
Qa3+ Kb7 27. Qb4+ Kc8 28. Qxb8+ Kxb8 29. bxc4 Kc7 30. O-O Kd7 31. Rf6 Kc7 32.
Rh6 c5 33. Rf1 Kd8 34. Rf7 Ke8 35. Rxa7 Kd8 36. Rh8# 1-0

[Event "BPB Limburg-open C"]
[Site "Maastricht"]
[Date "2015.05.23"]
[Round "2"]
[White "Wenzel, Jakoba"]
[Black "Bertrand, Sjors"]
[Result "0-1"]
[WhiteElo "1176"]
[BlackElo "900"]
[PlyCount "116"]
[EventDate "2015.05.22"]
[EventType "swiss"]
[EventRounds "7"]
[EventCountry "NED"]
[Source "P.Boonen"]
[SourceDate "2015.01.01"]

1. Nf3 d5 2. d3 Nc6 3. Nbd2 Nf6 4. g3 Bd7 5. Bg2 Qc8 6. h3 e6 7. e4 dxe4 8.
dxe4 h6 9. Qe2 Bc5 10. e5 Nh7 11. c3 a6 12. O-O Ne7 13. Ne4 Ba7 14. Be3 Bb5 15.
c4 Bxe3 16. cxb5 Bb6 17. Rac1 Nd5 18. Nd6+ cxd6 19. Rxc8+ Rxc8 20. exd6 O-O 21.
d7 Rc5 22. Ne5 Rxb5 23. Kh2 Nhf6 24. Rc1 Ne7 25. Bxb7 Bd4 26. Rc8 Nxc8 27. Bxc8
Rxb2 28. Qd1 Rxf2+ 29. Kh1 Ne4 30. Qd3 Rf1+ 31. Qxf1 Nxg3+ 32. Kg2 Nxf1 33. Nc6
Ne3+ 34. Kf3 Bb6 35. Bxa6 Nd5 36. a4 Nf6 37. Ne7+ Kh7 38. Bc8 Nxd7 39. Bxd7 Rd8
40. Bb5 Rd1 41. Ke2 Rh1 42. Be8 Bc5 43. Nc6 Rh2+ 44. Kd3 Kg8 45. a5 Rxh3+ 46.
Kc4 Bf2 47. Kb5 g5 48. a6 g4 49. Bd7 Kf8 50. Ne5 h5 51. Bc6 Rb3+ 52. Ka4 Rb1
53. Nc4 Bc5 54. Ka5 h4 55. Bb5 Ra1+ 56. Ba4 g3 57. Kb5 Bf2 58. Nb6 Bxb6 0-1

[Event "BPB Limburg-open C"]
[Site "Maastricht"]
[Date "2015.05.23"]
[Round "2"]
[White "Werkhoven, Gerard"]
[Black "Muntean, Victor"]
[Result "1-0"]
[WhiteElo "1546"]
[BlackElo "1254"]
[PlyCount "129"]
[EventDate "2015.05.22"]
[EventType "swiss"]
[EventRounds "7"]
[EventCountry "NED"]
[Source "P.Boonen"]
[SourceDate "2015.01.01"]

1. d4 Nf6 2. c4 g6 3. Nc3 Bg7 4. e4 d6 5. Bd3 e5 6. d5 Nbd7 7. Nge2 Nc5 8. Bc2
O-O 9. Bg5 a5 10. f3 b6 11. Qd2 Ba6 12. b3 Qd7 13. a4 Ne8 14. g4 Bf6 15. Bh6
Ng7 16. h4 Rab8 17. Ng3 Qd8 18. Qh2 Bb7 19. h5 g5 20. Bxg7 Kxg7 21. Nf5+ Kh8
22. Nd1 c6 23. Nde3 cxd5 24. Nxd5 Bxd5 25. cxd5 Rc8 26. O-O Na6 27. Bd3 Nb4 28.
Qd2 Rc5 29. Rac1 Qc7 30. Rxc5 Qxc5+ 31. Kg2 Rc8 32. Bc4 Ra8 33. Qf2 Rd8 34. Rc1
Na6 35. Qxc5 Nxc5 36. Kf2 Bg7 37. Ke2 Bf8 38. Kd2 Rc8 39. Kc3 f6 40. Kb2 Kg8
41. Ne3 Kf7 42. Ka3 Nd3 43. Rc3 Nf4 44. Rc2 Be7 45. Bf1 Rxc2 46. Nxc2 Ke8 47.
Kb2 Kd7 48. Kc3 Kc7 49. Kc4 Kb7 50. Kb5 Ka7 51. Ne3 Kb7 52. Nc4 Bd8 53. Nxd6+
Kc7 54. Nf7 Be7 55. d6+ Bxd6 56. Nxd6 Kxd6 57. Kxb6 Ne6 58. Kxa5 Nd4 59. b4
Nxf3 60. Kb6 Nd2 61. Bd3 f5 62. exf5 e4 63. Be2 Kd5 64. a5 Nc4+ 65. Kc7 1-0

[Event "BPB Limburg-open C"]
[Site "Maastricht"]
[Date "2015.05.23"]
[Round "2"]
[White "Wiedenbruch, Paul"]
[Black "De Goede, Jose"]
[Result "1-0"]
[WhiteElo "1045"]
[BlackElo "952"]
[PlyCount "77"]
[EventDate "2015.05.22"]
[EventType "swiss"]
[EventRounds "7"]
[EventCountry "NED"]
[Source "P.Boonen"]
[SourceDate "2015.01.01"]

1. e4 e5 2. Nf3 Nc6 3. d4 exd4 4. Bc4 Nf6 5. e5 d5 6. Bb3 Ne4 7. O-O Bc5 8. c3
Bg4 9. h3 Bh5 10. Qd3 O-O 11. Nxd4 Nxe5 12. Qc2 c6 13. Bf4 Qf6 14. Bxe5 Qxe5
15. Qd3 Rad8 16. Re1 Bg6 17. Qd1 Rd6 18. Nd2 Bxd4 19. cxd4 Qxd4 20. Nxe4 Qxd1
21. Raxd1 Bxe4 22. Rxe4 dxe4 23. Rxd6 Re8 24. Rd7 Rf8 25. Rxb7 a5 26. Ra7 h5
27. Rxa5 g6 28. Ra6 c5 29. Rxg6+ Kh7 30. Rc6 Kg7 31. Rxc5 Re8 32. Rxh5 e3 33.
fxe3 Rxe3 34. Kf2 Re7 35. a4 Kg6 36. Rd5 f5 37. Bc2 Rf7 38. a5 Kg5 39. Rxf5+
1-0

[Event "BPB Limburg-open C"]
[Site "Maastricht"]
[Date "2015.05.23"]
[Round "2"]
[White "Wolters, Vincent"]
[Black "Michielsen, Kobus"]
[Result "1/2-1/2"]
[WhiteElo "1654"]
[BlackElo "1617"]
[PlyCount "73"]
[EventDate "2015.05.22"]
[EventType "swiss"]
[EventRounds "7"]
[EventCountry "NED"]
[Source "P.Boonen"]
[SourceDate "2015.01.01"]

1. e4 c5 2. Nf3 Nc6 3. d4 cxd4 4. Nxd4 d6 5. Be3 Nf6 6. Nc3 g6 7. Be2 Bg7 8.
O-O O-O 9. f4 Nxd4 10. Bxd4 b6 11. Bf3 Rb8 12. e5 Ne8 13. Nb5 Ba6 14. c4 dxe5
15. fxe5 Bxb5 16. cxb5 e6 17. Bc3 Qc7 18. Qe2 Qc5+ 19. Kh1 Nc7 20. Bc6 Nd5 21.
Bxd5 exd5 22. a3 Rfe8 23. Qf3 Rb7 24. Rad1 Rd7 25. Qe2 d4 26. Qg4 Rdd8 27. Bxd4
Qxb5 28. Qf4 Qd7 29. h3 Qe6 30. Rfe1 Rd5 31. Bc3 Rxd1 32. Rxd1 Bxe5 33. Bxe5
Qxe5 34. Qa4 Qe2 35. Qd7 Qe7 36. Qa4 Qe2 37. Qd7 1/2-1/2

[Event "BPB Limburg-open C"]
[Site "Maastricht"]
[Date "2015.05.23"]
[Round "2"]
[White "Woyave, Pascal"]
[Black "Krug, Franz-Dieter"]
[Result "1-0"]
[WhiteElo "1558"]
[BlackElo "1639"]
[PlyCount "121"]
[EventDate "2015.05.22"]
[EventType "swiss"]
[EventRounds "7"]
[EventCountry "NED"]
[Source "P.Boonen"]
[SourceDate "2015.01.01"]

1. c4 c5 2. g3 e6 3. Bg2 Nf6 4. Nc3 Be7 5. Nf3 d5 6. cxd5 exd5 7. d4 c4 8. O-O
O-O 9. Ne5 Be6 10. Bf4 Qc8 11. Nb5 Na6 12. a3 Rd8 13. Rc1 Nh5 14. Bd2 Bh3 15.
b3 Bxg2 16. Kxg2 Qe6 17. bxc4 dxc4 18. e4 Nf6 19. Qf3 Bd6 20. Nxd6 Rxd6 21. Be3
b5 22. Nxc4 bxc4 23. e5 Rdd8 24. exf6 gxf6 25. Rfe1 Qd6 26. Rxc4 Qd5 27. Qxd5
Rxd5 28. Rc6 Ra5 29. Bh6 Rh5 30. Rxf6 Nc7 31. Re5 Rxe5 32. dxe5 Ne6 33. Be3 a6
34. f4 Rc8 35. Bb6 Rc6 36. Ba5 Rc2+ 37. Kh3 Ra2 38. Bb4 a5 39. Bxa5 Rxa3 40.
Bb4 Ra2 41. Rh6 Kg7 42. Rh4 h6 43. Kg4 Rc2 44. Be7 Rc4 45. Kh5 Kh7 46. Bf6 Rc2
47. f5 Ng7+ 48. Bxg7 Kxg7 49. Rg4+ Kh7 50. h4 Rc5 51. Re4 f6 52. Ra4 Rxe5 53.
Ra7+ Kg8 54. Kg6 Re8 55. h5 Rf8 56. Kxh6 Kh8 57. Rh7+ Kg8 58. Rg7+ Kh8 59. Kg6
Ra8 60. h6 Rf8 61. h7 1-0

[Event "BPB Limburg-open C"]
[Site "Maastricht"]
[Date "2015.05.23"]
[Round "2"]
[White "Zhang, Martin"]
[Black "Vanden Bossche, Nicolas"]
[Result "1-0"]
[WhiteElo "1704"]
[BlackElo "1681"]
[PlyCount "43"]
[EventDate "2015.05.22"]
[EventType "swiss"]
[EventRounds "7"]
[EventCountry "NED"]
[Source "P.Boonen"]
[SourceDate "2015.01.01"]

1. e4 c5 2. c3 d6 3. d4 cxd4 4. cxd4 Nf6 5. Nc3 a6 6. Nf3 Bg4 7. Bc4 b5 8. Bb3
Nc6 9. Be3 e6 10. h3 Bh5 11. d5 exd5 12. Nxd5 Rb8 13. Rc1 Nxd5 14. Bxd5 Nb4 15.
Bb3 Nxa2 16. Bxa2 Qa5+ 17. Bd2 Qxa2 18. b3 Ra8 19. Bc3 Qa3 20. O-O f6 21. Qd5
Rc8 22. Qe6+ 1-0

[Event "BPB Limburg-open C"]
[Site "Maastricht"]
[Date "2015.05.23"]
[Round "2"]
[White "Zheng, Mandy"]
[Black "Janssen, Valerie"]
[Result "0-1"]
[WhiteElo "900"]
[BlackElo "1271"]
[PlyCount "32"]
[EventDate "2015.05.22"]
[EventType "swiss"]
[EventRounds "7"]
[EventCountry "NED"]
[Source "P.Boonen"]
[SourceDate "2015.01.01"]

1. e4 e6 2. d3 d5 3. Nh3 Nf6 4. exd5 exd5 5. Bg5 Be7 6. Bxf6 Bxf6 7. Be2 Be6 8.
O-O Qd6 9. f3 Be5 10. Ng5 Bxh2+ 11. Kf2 Qg3+ 12. Ke3 Qxg5+ 13. Kf2 d4 14. Rh1
Bg3+ 15. Kf1 Qe3 16. a3 Qf2# 0-1

[Event "BPB Limburg-open C"]
[Site "Maastricht"]
[Date "2015.05.23"]
[Round "3"]
[White "Akulova, Alicia"]
[Black "Disters, Ingrid"]
[Result "1-0"]
[WhiteElo "1514"]
[BlackElo "1182"]
[PlyCount "37"]
[EventDate "2015.05.22"]
[EventType "swiss"]
[EventRounds "7"]
[EventCountry "NED"]
[Source "P.Boonen"]
[SourceDate "2015.01.01"]

1. e4 c6 2. Nf3 d5 3. Nc3 dxe4 4. Nxe4 Bf5 5. Ng3 Bg6 6. Ne5 Qd6 7. d4 c5 8.
Qg4 e6 9. Qf3 Qb6 10. Bd3 Bxd3 11. Qxf7+ Kd8 12. Qxf8+ Kc7 13. Qf7+ Kd6 14.
Nxd3 Nd7 15. Bf4+ Kc6 16. Qxe6+ Kb5 17. a4+ Ka6 18. Qc4+ Ka5 19. Bd2+ 1-0

[Event "BPB Limburg-open C"]
[Site "Maastricht"]
[Date "2015.05.23"]
[Round "3"]
[White "Allaart, Janne"]
[Black "Johnen, Franz"]
[Result "0-1"]
[WhiteElo "1451"]
[BlackElo "1717"]
[PlyCount "158"]
[EventDate "2015.05.22"]
[EventType "swiss"]
[EventRounds "7"]
[EventCountry "NED"]
[Source "P.Boonen"]
[SourceDate "2015.01.01"]

1. e4 c5 2. Nc3 e6 3. Nf3 Be7 4. d4 cxd4 5. Nxd4 a6 6. Bc4 Nc6 7. O-O Nf6 8.
Re1 Ne5 9. Bb3 O-O 10. Bf4 Ng6 11. Bg3 e5 12. Nf3 d6 13. Nd5 b5 14. Nh4 Nxh4
15. Nxe7+ Qxe7 16. Bxh4 Bb7 17. Bd5 Bxd5 18. exd5 h6 19. Kh1 g5 20. Bg3 Qc7 21.
h4 Qc4 22. hxg5 hxg5 23. Qf3 Kg7 24. Qf5 Rh8+ 25. Kg1 Rh5 26. Red1 Rah8 27. f3
Rh1+ 28. Kf2 Qc5+ 29. Ke2 R1h5 30. c3 g4 31. Qd3 gxf3+ 32. Qxf3 e4 33. Qf4 Qc4+
34. Kf2 Kg6 35. Qxd6 e3+ 36. Kxe3 Re8+ 37. Kf2 Qe2+ 38. Kg1 Reh8 39. Bh2 Qe3+
40. Kh1 Rxh2+ 41. Qxh2 Rxh2+ 42. Kxh2 Ng4+ 43. Kh1 Nf2+ 44. Kh2 Nxd1 45. Rxd1
Qe5+ 46. Kg1 Qd6 47. Kf2 Kf5 48. Rd4 Ke5 49. Ke3 Qh6+ 50. Kf3 Qh5+ 51. Ke3 Kd6
52. Kf2 Qf5+ 53. Ke3 Qb1 54. Rf4 f5 55. b4 Kxd5 56. g3 Ke5 57. Rf2 Qe1+ 58. Re2
Qxg3+ 59. Kd2+ Kd5 60. Kc2 Kc4 61. Re8 Qxc3+ 62. Kd1 Qa1+ 63. Kd2 Qxa2+ 64. Ke3
Kxb4 65. Re5 Qb1 66. Kf2 a5 67. Kf3 Qf1+ 68. Ke3 a4 69. Kd2 a3 70. Re7 a2 71.
Ra7 a1=Q 72. Rxa1 Qxa1 73. Ke3 Qe5+ 74. Kd3 Qc3+ 75. Ke2 f4 76. Kd1 Qb2 77. Ke1
f3 78. Kf1 Qe2+ 79. Kg1 Qg2# 0-1

[Event "BPB Limburg-open C"]
[Site "Maastricht"]
[Date "2015.05.23"]
[Round "3"]
[White "Bertrand, Sjors"]
[Black "Mitran, Marie"]
[Result "0-1"]
[WhiteElo "900"]
[BlackElo "1546"]
[PlyCount "72"]
[EventDate "2015.05.22"]
[EventType "swiss"]
[EventRounds "7"]
[EventCountry "NED"]
[Source "P.Boonen"]
[SourceDate "2015.01.01"]

1. d4 d5 2. c4 e6 3. e3 Nf6 4. a3 Be7 5. Be2 O-O 6. Nf3 b6 7. O-O Bb7 8. cxd5
exd5 9. Nc3 c5 10. b3 Nbd7 11. Bb2 Rc8 12. Nb5 a6 13. Nc3 Re8 14. Ne5 Bd6 15.
f4 b5 16. Nb1 cxd4 17. Bxd4 Bxe5 18. fxe5 Nxe5 19. Nd2 Ned7 20. Bd3 Re6 21. Bf5
Rec6 22. Bxf6 Rxf6 23. Qf3 Rc3 24. Qh3 Rh6 25. Qg3 d4 26. Rae1 Nc5 27. Qf4 Nxb3
28. Be4 Rf6 29. Bxh7+ Kxh7 30. Qh4+ Kg8 31. Nf3 dxe3 32. Rd1 Rd3 33. Rxd3 Qxd3
34. Re1 Bxf3 35. Qh3 Bb7 36. Qg3 Bxg2 0-1

[Event "BPB Limburg-open C"]
[Site "Maastricht"]
[Date "2015.05.23"]
[Round "3"]
[White "Beukema, Constantijn"]
[Black "Bauer, Juri"]
[Result "1-0"]
[WhiteElo "1553"]
[BlackElo "1418"]
[PlyCount "131"]
[EventDate "2015.05.22"]
[EventType "swiss"]
[EventRounds "7"]
[EventCountry "NED"]
[Source "P.Boonen"]
[SourceDate "2015.01.01"]

1. e4 c6 2. d4 d5 3. e5 Bf5 4. Nf3 Nd7 5. Bd3 Bg4 6. O-O e6 7. Nc3 Ne7 8. h3
Bh5 9. Re1 h6 10. b3 g5 11. g4 Bg6 12. Bxg6 Nxg6 13. Bb2 Nf4 14. Kh2 h5 15. Ng1
hxg4 16. Qxg4 Be7 17. Bc1 Rh4 18. Qg3 Nf8 19. Bxf4 gxf4 20. Qg8 Qd7 21. Nf3 Rh6
22. Ng5 Bxg5 23. Qxg5 Rg6 24. Qxf4 O-O-O 25. Rg1 Rxg1 26. Rxg1 Ng6 27. Qf6 Qe8
28. f4 Qe7 29. Rxg6 Qxf6 30. Rxf6 Rf8 31. f5 exf5 32. Rxf5 Kd7 33. Kg3 Ke7 34.
Kf4 Rg8 35. Rg5 Rh8 36. Kg4 Ke6 37. h4 f6 38. exf6 Kxf6 39. h5 Re8 40. Rg6+ Kf7
41. Rd6 Ke7 42. Rh6 Rb8 43. Kf5 Rf8+ 44. Ke5 Rf3 45. Rh7+ Kf8 46. Nxd5 cxd5 47.
Kxd5 Rf5+ 48. Ke6 Rf2 49. Rxb7 Re2+ 50. Kd5 Rxc2 51. Rxa7 Rh2 52. b4 Rxh5+ 53.
Kc4 Ke8 54. a4 Kd8 55. b5 Kc8 56. d5 Rh1 57. a5 Rc1+ 58. Kb4 Rb1+ 59. Kc5 Rc1+
60. Kd6 Rh1 61. a6 Rh6+ 62. Kc5 Rh1 63. b6 Rc1+ 64. Kd6 Kb8 65. Rh7 Rc6+ 66.
dxc6 1-0

[Event "BPB Limburg-open C"]
[Site "Maastricht"]
[Date "2015.05.23"]
[Round "3"]
[White "Beusen, Frank"]
[Black "Schoffelen, Jan"]
[Result "1-0"]
[WhiteElo "1415"]
[BlackElo "1410"]
[PlyCount "112"]
[EventDate "2015.05.22"]
[EventType "swiss"]
[EventRounds "7"]
[EventCountry "NED"]
[Source "P.Boonen"]
[SourceDate "2015.01.01"]

1. d4 d5 2. c4 e6 3. Nf3 Nf6 4. Nc3 c6 5. e3 Bb4 6. Qc2 Nbd7 7. Bd3 dxc4 8.
Bxc4 Nb6 9. Bd3 Nbd5 10. Bd2 Bxc3 11. bxc3 b5 12. O-O a5 13. a3 Ba6 14. e4 Nb6
15. Ne5 Bb7 16. Rfb1 Nfd7 17. Nxd7 Qxd7 18. Be3 Nc8 19. c4 bxc4 20. Qxc4 Ba6
21. Qc3 Bxd3 22. Qxd3 O-O 23. Qc3 Nd6 24. f3 Nb5 25. Qc5 a4 26. Rc1 Rfc8 27.
Rc4 Qd6 28. Qxd6 Nxd6 29. Rb4 Rcb8 30. Rab1 Rxb4 31. Rxb4 Nb5 32. Bc1 Nc3 33.
Rc4 Ne2+ 34. Kf2 Nxc1 35. Rxc1 Ra6 36. d5 exd5 37. exd5 Kf8 38. dxc6 Ra8 39. c7
Rc8 40. Rc4 Ke7 41. Ke3 Kd7 42. Kd4 Kd6 43. Kc3 Rxc7 44. Rxc7 Kxc7 45. Kb4 Kb6
46. Kxa4 Kc5 47. Kb3 h5 48. h4 f6 49. f4 g6 50. g3 Kb5 51. Kc3 Ka4 52. Kd4 Kxa3
53. Kd5 Kb4 54. Ke6 f5 55. Kf6 Kc4 56. Kxg6 Kd5 1-0

[Event "BPB Limburg-open C"]
[Site "Maastricht"]
[Date "2015.05.23"]
[Round "3"]
[White "Bloem, Robert"]
[Black "Ratniece, Laura"]
[Result "1-0"]
[WhiteElo "1249"]
[BlackElo "1571"]
[PlyCount "82"]
[EventDate "2015.05.22"]
[EventType "swiss"]
[EventRounds "7"]
[EventCountry "NED"]
[Source "P.Boonen"]
[SourceDate "2015.01.01"]

1. e4 e6 2. Nf3 d5 3. e5 Bc5 4. d4 Bb6 5. Nc3 Nc6 6. Bb5 Bd7 7. Bxc6 Bxc6 8.
O-O Qe7 9. Bg5 f6 10. exf6 gxf6 11. Bf4 O-O-O 12. Re1 Ba5 13. Re3 Bxc3 14. Rxc3
Qf7 15. a4 Kb8 16. b4 Rc8 17. b5 Be8 18. Rb3 b6 19. a5 Kb7 20. a6+ Kb8 21. Rc1
Ne7 22. c4 dxc4 23. Rxc4 Nd5 24. Bg3 Rg8 25. Qc1 Qe7 26. Rc6 Rg7 27. Bd6 Qf7
28. Bg3 Qd7 29. Rc4 Qe7 30. Rc2 Bg6 31. Rd2 Qd7 32. Ne1 Re7 33. Nc2 Bxc2 34.
Rxc2 f5 35. h3 h5 36. h4 Rh7 37. Rc4 Qe7 38. Rc2 Qd7 39. Ra2 Qe7 40. Re2 f4 41.
Bxf4 Qxh4 {.....} 1-0

[Event "BPB Limburg-open C"]
[Site "Maastricht"]
[Date "2015.05.23"]
[Round "3"]
[White "Boesmans, Peter"]
[Black "Dijkstra, Johan"]
[Result "0-1"]
[WhiteElo "1286"]
[BlackElo "1640"]
[PlyCount "43"]
[EventDate "2015.05.22"]
[EventType "swiss"]
[EventRounds "7"]
[EventCountry "NED"]
[Source "P.Boonen"]
[SourceDate "2015.01.01"]

1. e4 e5 2. d3 Nf6 3. Be2 Nc6 4. c3 d5 5. Qc2 Bc5 6. h3 h6 7. Nf3 Be6 8. Nbd2
Qd7 9. Nh2 a5 10. a3 g5 11. g4 h5 12. f3 a4 13. Ndf1 dxe4 14. Bxg5 Bb3 15. Qd2
Qe6 16. Bxf6 Qxf6 17. Ne3 Qh4+ 18. Kf1 Qxh3+ 19. Ke1 Qg3+ 20. Kf1 hxg4 21.
Nexg4 Rxh2 22. Rxh2 0-1

[Event "BPB Limburg-open C"]
[Site "Maastricht"]
[Date "2015.05.23"]
[Round "3"]
[White "Boons, Lucien"]
[Black "Nguyen, Lucas"]
[Result "0-1"]
[WhiteElo "1630"]
[BlackElo "1552"]
[PlyCount "60"]
[EventDate "2015.05.22"]
[EventType "swiss"]
[EventRounds "7"]
[EventCountry "NED"]
[Source "P.Boonen"]
[SourceDate "2015.01.01"]

1. e4 c5 2. Nf3 Nc6 3. Nc3 g6 4. d4 cxd4 5. Nxd4 Bg7 6. Be3 Nf6 7. Nxc6 bxc6 8.
Be2 O-O 9. Bd4 Qa5 10. O-O d5 11. e5 Nd7 12. e6 fxe6 13. Bxg7 Kxg7 14. Bg4 e5
15. Ne2 Qb4 16. Bxd7 Bxd7 17. Qc1 Rf6 18. c3 Qb6 19. Qd2 Raf8 20. Ng3 Bc8 21.
Rae1 Ba6 22. Nh5+ gxh5 23. Qg5+ Kh8 24. Qxe5 Bxf1 25. Rxf1 Qxb2 26. h3 R8f7 27.
Qd4 Qb6 28. Qe5 Kg8 29. Qg5+ Kf8 30. Qd2 e5 0-1

[Event "BPB Limburg-open C"]
[Site "Maastricht"]
[Date "2015.05.23"]
[Round "3"]
[White "Borsten, Chris"]
[Black "De Cocq, Ramin"]
[Result "1-0"]
[WhiteElo "1557"]
[BlackElo "1101"]
[PlyCount "95"]
[EventDate "2015.05.22"]
[EventType "swiss"]
[EventRounds "7"]
[EventCountry "NED"]
[Source "P.Boonen"]
[SourceDate "2015.01.01"]

1. e4 e6 2. d4 d5 3. exd5 exd5 4. Nf3 Nc6 5. Bb5 Nf6 6. Nc3 h6 7. h3 Bd6 8. O-O
O-O 9. Re1 Bf5 10. Bd3 Bxd3 11. Qxd3 Nb4 12. Qd1 c5 13. a3 Nc6 14. Nb5 Ne4 15.
c4 Nxd4 16. Nfxd4 cxd4 17. Qxd4 Bc5 18. Qxd5 Bxf2+ 19. Kf1 Qxd5 20. cxd5 Bxe1
21. Kxe1 a6 22. Nc3 Nxc3 23. bxc3 Rfe8+ 24. Kd2 Rad8 25. c4 Rc8 26. Kd3 Red8
27. Kd4 b5 28. c5 f6 29. Bd2 Re8 30. Re1 Kf7 31. c6 g5 32. Rxe8 Kxe8 33. Kc5 f5
34. d6 Ra8 35. Ba5 h5 36. d7+ Ke7 37. d8=Q+ Rxd8 38. Bxd8+ Kxd8 39. Kb6 Kc8 40.
Kxa6 g4 41. Kxb5 gxh3 42. gxh3 f4 43. Kc4 f3 44. Kd3 f2 45. Ke2 f1=Q+ 46. Kxf1
Kc7 47. Kf2 Kxc6 48. Kg3 1-0

[Event "BPB Limburg-open C"]
[Site "Maastricht"]
[Date "2015.05.23"]
[Round "3"]
[White "Boudry, Rik"]
[Black "Mitran, Ovi"]
[Result "0-1"]
[WhiteElo "1355"]
[BlackElo "1523"]
[PlyCount "56"]
[EventDate "2015.05.22"]
[EventType "swiss"]
[EventRounds "7"]
[EventCountry "NED"]
[Source "P.Boonen"]
[SourceDate "2015.01.01"]

1. e4 c5 2. Nc3 Nc6 3. g3 Nf6 4. Bg2 e6 5. Nge2 Be7 6. d3 O-O 7. O-O d5 8. Bg5
d4 9. Nb5 h6 10. Bd2 Qb6 11. c4 a6 12. Na3 Qxb2 13. Nc2 Qb6 14. Qc1 Ne5 15.
Bxh6 gxh6 16. Qxh6 Nh7 17. Nf4 Bg5 18. Qh5 Bxf4 19. gxf4 Nxd3 20. Qg4+ Kh8 21.
e5 Rg8 22. Qh4 Qd8 23. Qxd8 Rxd8 24. Be4 Nxf4 25. Rab1 Rb8 26. Rb3 Ng5 27. Bd3
b5 28. cxb5 Bb7 0-1

[Event "BPB Limburg-open C"]
[Site "Maastricht"]
[Date "2015.05.23"]
[Round "3"]
[White "Cheng, Fon Kee"]
[Black "Kutchoukov, Thomas"]
[Result "1/2-1/2"]
[WhiteElo "1235"]
[BlackElo "900"]
[PlyCount "66"]
[EventDate "2015.05.22"]
[EventType "swiss"]
[EventRounds "7"]
[EventCountry "NED"]
[Source "P.Boonen"]
[SourceDate "2015.01.01"]

1. e4 c5 2. Nf3 Nc6 3. Bc4 e6 4. d4 cxd4 5. Nxd4 d5 6. Nxc6 bxc6 7. exd5 exd5
8. Bb3 Bc5 9. Qf3 Nf6 10. Bg5 Be7 11. c4 Be6 12. Nd2 dxc4 13. Qxc6+ Bd7 14.
Qxc4 O-O 15. O-O Rc8 16. Qh4 h6 17. Be3 Bd6 18. Bxa7 Ra8 19. Qd4 Qc7 20. Rac1
Bxh2+ 21. Kh1 Qxa7 22. Qxa7 Rxa7 23. Kxh2 Re8 24. Nf3 Ng4+ 25. Kg1 Be6 26. Rfe1
Bd7 27. Rxe8+ Bxe8 28. Rc8 Nf6 29. Nd4 Kf8 30. Nc6 Rd7 31. Ba4 Rb7 32. b4 g6
33. b5 Kg7 1/2-1/2